[Event "34. Bayerische Senioren EM"]
[Site "Bergen im Chiemgau"]
[Date "2024.06.02"]
[Round "6.8"]
[White "Christen, Pierre"]
[Black "Oechslein, Rainer"]
[Result "1/2-1/2"]
[BlackElo "2097"]
[BlackTeam "SK Schweinfurt"]
[EventDate "2024.??.??"]
[PlyCount "55"]
[WhiteElo "1928"]
[WhiteTeam "IGS Trier"]

1. c4 c5 2. g3 g6 3. Bg2 Bg7 4. Nc3 Nc6 5. Nf3 e5 6. O-O Nge7 7. Ne1 O-O 8. Nc2
d6 9. Ne3 Rb8 10. d3 Be6 11. Rb1 Qd7 12. Ned5 Bh3 13. Ne4 Nxd5 14. cxd5 Ne7 15.
Bxh3 Qxh3 16. Ng5 Qd7 17. e4 h6 18. Nf3 f5 19. Nh4 f4 20. g4 f3 21. h3 h5 22.
Nxf3 hxg4 23. Ng5 gxh3 24. Ne6 Rf6 25. Qg4 Rbf8 26. Bg5 Rf3 27. Bxe7 Qxe7 28.
Nxf8  1/2-1/2

[Event "34. Bayerische Senioren EM"]
[Site "Bergen im Chiemgau"]
[Date "2024.06.02"]
[Round "6.9"]
[White "Döserich, Jürgen"]
[Black "Taube, Hubertus"]
[Result "1-0"]
[WhiteElo "1943"]
[BlackElo "2011"]
[PlyCount "121"]
[EventDate "2024.??.??"]
[WhiteTeam "SP Freiburg"]
[BlackTeam "SK Neuperlach"]

{[%evp 0,121,29,19,64,69,69,62,52,53,54,41,37,29,29,35,33,23,49,20,65,60,135,
36,74,-37,-34,51,213,210,212,194,196,188,185,199,172,171,190,205,197,159,161,
51,67,78,77,77,82,82,73,77,69,69,65,75,67,59,59,73,94,82,132,107,159,176,176,
156,154,145,207,163,173,158,136,134,186,144,148,148,148,118,118,118,145,145,
145,145,150,145,153,164,163,163,159,155,161,164,169,184,182,194,190,190,200,
188,171,134,139,141,141,141,559,817,992,1002,1002,1002,29995,29996,29997,29998,
29999,-30000]} 1. d4 f5 2. Nc3 Nf6 3. Bg5 e6 4. e4 fxe4 5. Nxe4 Be7 6. Bxf6
Bxf6 7. c3 O-O 8. Nf3 b6 9. Bd3 a5 10. Qc2 Be7 11. h4 Ba6 12. c4 Nc6 13. Neg5
h6 14. Bh7+ Kh8 15. Bg8 Rf5 16. Nf7+ Kxg8 17. Nxd8 Rxd8 18. a3 Rf4 19. O-O-O
Bf6 20. Qd2 Nxd4 21. Nxd4 Rxd4 22. Qxd4 Bxd4 23. Rxd4 e5 24. Re4 d6 25. f3 Rf8
26. h5 Bb7 27. Reh4 Bc6 28. b4 axb4 29. axb4 Rf5 30. Kd2 Kf7 31. Ke3 d5 32.
cxd5 Bxd5 33. Rc1 c6 34. Ra1 Rg5 35. Ra7+ Ke6 36. Rg4 Rxg4 37. fxg4 Kf6 38. Rb7
b5 39. Kf2 g6 40. hxg6 Kxg6 41. Kg3 Kg5 42. Re7 Kf6 43. Re8 Be4 44. Kh4 Bd5 45.
Rh8 Kg7 46. Re8 Kf6 47. Rd8 Bxg2 48. Rd6+ Kg7 49. Kh5 Bd5 50. Rg6+ Kf7 51. Rxh6
e4 52. Kg5 e3 53. Rh3 e2 54. Re3 Bc4 55. Kh6 c5 56. bxc5 b4 57. c6 b3 58. c7 b2
59. c8=Q b1=Q 60. Qe8+ Kf6 61. Qe7# 1-0

[Event "34. Bayerische Senioren EM"]
[Site "Bergen im Chiemgau"]
[Date "2024.06.02"]
[Round "6.10"]
[White "Beckers, Manfred"]
[Black "Michalek, Barbara"]
[Result "1-0"]
[WhiteElo "1997"]
[BlackElo "1891"]
[PlyCount "101"]
[EventDate "2024.??.??"]
[WhiteTeam "SC Plüderhausen"]
[BlackTeam "SK Lehrte"]

{[%evp 0,101,29,29,56,50,50,-19,60,6,38,55,62,38,76,12,31,27,30,41,68,67,67,59,
56,37,34,26,27,14,17,17,10,10,10,-8,21,18,19,17,17,14,15,15,25,22,17,-10,21,35,
29,21,76,87,76,57,81,76,68,62,83,80,85,100,87,80,80,67,74,99,89,69,73,74,90,73,
77,44,45,52,51,38,43,36,51,45,51,30,51,46,45,45,45,47,46,51,58,47,47,47,64,64,
1408,1537]} 1. e4 c5 2. Nf3 Nc6 3. b4 b6 4. Bc4 e6 5. bxc5 bxc5 6. Nc3 Nf6 7.
Qe2 d6 8. d3 h6 9. O-O e5 10. Rb1 Bd7 11. Bd2 Be7 12. Nd5 Rb8 13. h3 O-O 14.
Rfc1 Nxd5 15. Bxd5 Bf6 16. Qe1 Qc7 17. Rb3 Rxb3 18. axb3 Be6 19. Bxc6 Qxc6 20.
Ra1 a6 21. Bc3 Ra8 22. Ra3 Be7 23. Qa1 g5 24. Nd2 f6 25. Nf1 Kh7 26. Ne3 Kg6
27. g4 Qc8 28. Ra4 Kh7 29. Qd1 Bd7 30. Ra1 Qf8 31. Qf3 Bd8 32. Kg2 a5 33. Bd2
a4 34. bxa4 Rxa4 35. Rxa4 Bxa4 36. Qf5+ Kg7 37. Qe6 Kh8 38. c3 Qe7 39. Qd5 Bd7
40. c4 Be6 41. Qc6 Kg7 42. Kf3 Kf7 43. Qa6 Qc7 44. Nf5 Bxf5 45. exf5 Ke7 46.
Ke4 Qb6 47. Qc8 Qc7 48. Qa8 Kd7 49. Kd5 Qb6 50. Qa4+ Kc7 51. Ba5 1-0

[Event "34. Bayerische Senioren EM"]
[Site "Bergen im Chiemgau"]
[Date "2024.06.02"]
[Round "6.11"]
[White "Röder, Frank"]
[Black "Fischer, Manfred"]
[Result "1-0"]
[BlackElo "1949"]
[BlackTeam "SK Töging"]
[EventDate "2024.??.??"]
[PlyCount "55"]
[WhiteElo "2279"]
[WhiteTeam "SV Altensittenbach"]

1. e4 g6 2. d4 Bg7 3. Nc3 d6 4. Bg5 f6 5. Bh4 e5 6. dxe5 dxe5 7. Qxd8+ Kxd8 8.
O-O-O+ Nd7 9. Nf3 g5 10. Bg3 c6 11. h4 g4 12. Nh2 h5 13. f3 gxf3 14. gxf3 Kc7
15. Rg1 Bh6+ 16. Kb1 Ne7 17. Bc4 Nc5 18. Bf2 Ne6 19. Nf1 Bd7 20. Ng3 Nf4 21.
Bc5 Rh7 22. Bd6+ Kd8 23. Nge2 b5 24. Nxf4 Bxf4 25. Bg8 Rh8 26. Bxe7+ Kxe7 27.
Rg7+ Kf8 28. Rdxd7  1-0

[Event "34. Bayerische Senioren EM"]
[Site "Bergen im Chiemgau"]
[Date "2024.06.02"]
[Round "6.12"]
[White "Pieper, Thomas"]
[Black "Kell, Stefan"]
[Result "1/2-1/2"]
[BlackElo "1933"]
[BlackTeam "SK Mangfalltal"]
[EventDate "2024.??.??"]
[PlyCount "24"]
[WhiteElo "2170"]
[WhiteTeam "SC Gröbenzell"]

1. e4 e5 2. d4 exd4 3. Nf3 Nc6 4. Bc4 Bb4+ 5. c3 dxc3 6. Nxc3 Nf6 7. e5 d5 8.
exf6 dxc4 9. Qe2+ Be6 10. fxg7 Rg8 11. Bg5 Nd4 12. Bxd8 Nxe2  1/2-1/2

[Event "34. Bayerische Senioren EM"]
[Site "Bergen im Chiemgau"]
[Date "2024.06.02"]
[Round "6.13"]
[White "Jaeger, Andre"]
[Black "Heiler, Karl"]
[Result "1/2-1/2"]
[BlackElo "1869"]
[BlackTeam "TG Bad Waldsee 1848"]
[EventDate "2024.??.??"]
[PlyCount "65"]
[WhiteElo "1942"]
[WhiteTeam "SC Rochade (Berlin)"]

1. d4 d6 2. Nf3 Nf6 3. c4 Nbd7 4. Nc3 e5 5. e4 Be7 6. Be2 O-O 7. O-O c6 8. Be3
Ng4 9. Bd2 Ngf6 10. Qc2 Re8 11. Rfe1 Bf8 12. Bf1 a6 13. a3 b5 14. Rac1 Bb7 15.
d5 cxd5 16. cxd5 Rc8 17. Qd1 Nb6 18. b3 Re7 19. Bg5 Rec7 20. Qd2 Nbd7 21. h3
Be7 22. Be3 Nc5 23. Bxc5 Rxc5 24. b4 R5c7 25. g3 Nd7 26. Qe3 h6 27. h4 Nf6 28.
Bh3 Ra8 29. Nd2 Bc8 30. Bf1 Ng4 31. Qf3 Nf6 32. Qe3 Ng4 33. Qf3  1/2-1/2

[Event "34. Bayerische Senioren EM"]
[Site "Bergen im Chiemgau"]
[Date "2024.06.02"]
[Round "6.14"]
[White "Röder, Gerd"]
[Black "Lechner, Otto"]
[Result "1-0"]
[BlackElo "1913"]
[BlackTeam "TSV Wertingen"]
[EventDate "2024.??.??"]
[PlyCount "49"]
[WhiteElo "2139"]
[WhiteTeam "SV Altensittenbach"]

1. e4 d6 2. d4 Nf6 3. Nc3 Nbd7 4. f4 e5 5. Nf3 exd4 6. Nxd4 g6 7. Be2 Bg7 8. O-O
O-O 9. Bf3 c6 10. Be3 Qc7 11. Bf2 Re8 12. Qd2 a6 13. h3 c5 14. Nde2 Nb6 15.
Rad1 Nc4 16. Qc1 Be6 17. b3 Na5 18. Nd5 Bxd5 19. exd5 b5 20. c4 bxc4 21. bxc4
Ne4 22. Be1 Rab8 23. Qc2 Rb2 24. Qa4 Nb7 25. Qxe8+  1-0

[Event "34. Bayerische Senioren EM"]
[Site "Bergen im Chiemgau"]
[Date "2024.06.02"]
[Round "6.15"]
[White "Elbert, Gebhard"]
[Black "Keller, Harald"]
[Result "1/2-1/2"]
[BlackElo "2052"]
[BlackTeam "SV Rottweil"]
[EventDate "2024.??.??"]
[PlyCount "38"]
[WhiteElo "1939"]
[WhiteTeam "SF 1967 Sailauf e.V."]

1. d4 Nf6 2. Nf3 e6 3. e3 b6 4. Bd3 Bb7 5. Nbd2 d5 6. O-O Nbd7 7. Bb5 c6 8. Be2
Bd6 9. b3 O-O 10. Bb2 c5 11. Ne5 cxd4 12. exd4 Rc8 13. f4 Ne4 14. c4 Nxd2 15.
Qxd2 Nf6 16. Qe3 Ne4 17. Rac1 f5 18. Rf3 Qe7 19. Rff1 Nf6  1/2-1/2

[Event "34. Bayerische Senioren EM"]
[Site "Bergen im Chiemgau"]
[Date "2024.06.02"]
[Round "6.16"]
[White "Beutelhoff, Josef"]
[Black "Desoye, Gernot"]
[Result "1-0"]
[BlackElo "1887"]
[BlackTeam "SF Graz AT"]
[EventDate "2024.??.??"]
[PlyCount "25"]
[WhiteElo "2032"]
[WhiteTeam "SF Olfen"]

1. d4 d5 2. c4 c6 3. e3 Bf5 4. Nc3 Nf6 5. Nf3 a6 6. Qb3 b5 7. cxd5 cxd5 8. a4 b4
9. Na2 Nc6 10. Bd2 Qb6 11. Ne5 Ne4 12. Qxd5 Nxe5 13. Qxa8+  1-0

[Event "34. Bayerische Senioren EM"]
[Site "Bergen im Chiemgau"]
[Date "2024.06.02"]
[Round "6.17"]
[White "Lehmann, Edwin"]
[Black "Waltenberger, Udo"]
[Result "0-1"]
[WhiteElo "1933"]
[BlackElo "1993"]
[PlyCount "100"]
[EventDate "2024.??.??"]
[WhiteTeam "SK Königsspringer Emden"]
[BlackTeam "SV Eiche Reichenbrand"]

{[%evp 0,100,29,-26,11,-2,1,-6,-2,10,-2,-15,-19,-3,-4,1,1,-30,-5,1,-1,-2,4,2,0,
-31,1,-15,10,0,6,-37,-28,-28,-16,-55,-20,-48,-40,-40,-62,-63,-57,-44,-28,-25,
-22,-35,-33,-33,-41,-41,-41,-46,-42,-49,-44,-51,-46,-61,-40,-45,-39,-68,-72,
-75,-56,-75,-61,-78,-80,-85,-87,-87,-108,-132,-128,-128,-100,-130,-165,-181,
-176,-201,-210,-205,-220,-215,-209,-235,-215,-215,-172,-215,-215,-215,-202,
-229,-229,-336,-338,-2093,-1012]} 1. f4 c5 2. Nf3 Nc6 3. b3 d5 4. e3 Nf6 5. Bb5
Bd7 6. O-O g6 7. Bb2 Bg7 8. d3 O-O 9. Bxc6 Bxc6 10. Ne5 Qc7 11. Nd2 b6 12. Qf3
e6 13. Qh3 Nd7 14. Ndf3 Nxe5 15. Nxe5 Rad8 16. g4 f6 17. Nf3 Bd7 18. Qh4 e5 19.
fxe5 fxe5 20. Rf2 h6 21. Raf1 Rde8 22. Qg3 Qb8 23. Nh4 Rxf2 24. Rxf2 e4 25.
Qxb8 Rxb8 26. Bxg7 Kxg7 27. dxe4 dxe4 28. h3 Re8 29. Rd2 Re7 30. Rd6 Be6 31.
Ng2 g5 32. Kh2 Kf7 33. Rd2 Rd7 34. Rf2+ Ke7 35. c4 a5 36. Kg3 a4 37. h4 axb3
38. axb3 Rd1 39. Rb2 Rf1 40. hxg5 hxg5 41. b4 Rf3+ 42. Kh2 Bxg4 43. bxc5 bxc5
44. Rb5 Rf5 45. Rb7+ Kf6 46. Rb6+ Kg7 47. Rb7+ Kg6 48. Rb6+ Kh5 49. Re6 Rf2 50.
Kg3 Bxe6 0-1

[Event "34. Bayerische Senioren EM"]
[Site "Bergen im Chiemgau"]
[Date "2024.06.02"]
[Round "6.18"]
[White "Biller, Helmut"]
[Black "Königl, Anton"]
[Result "0-1"]
[BlackElo "1881"]
[BlackTeam "FC Ergolding"]
[EventDate "2024.??.??"]
[PlyCount "58"]
[WhiteElo "1971"]
[WhiteTeam "SF Frankfurt"]

1. d4 Nf6 2. c4 g6 3. Nc3 d6 4. e4 Bg7 5. Nf3 O-O 6. Be2 Nc6 7. d5 Nb8 8. O-O
Bg4 9. Be3 Nbd7 10. Nd2 Bxe2 11. Qxe2 Re8 12. Rac1 b6 13. b4 a5 14. a3 e6 15.
f3 Qe7 16. Rfe1 Nb8 17. Nb3 axb4 18. axb4 Na6 19. Na2 Qd7 20. Qc2 Qa4 21. Nd4
Nxb4 22. Nxb4 Qxb4 23. Nb5 Rec8 24. Bd4 exd5 25. exd5 Nxd5 26. Rb1 Bxd4+ 27.
Nxd4 Qc5 28. Re4 Nf6 29. Rb5 Ra1+  0-1

[Event "34. Bayerische Senioren EM"]
[Site "Bergen im Chiemgau"]
[Date "2024.06.02"]
[Round "6.19"]
[White "Mayr, Günter"]
[Black "Dijkstra; M"]
[Result "0-1"]
[WhiteElo "1925"]
[BlackElo "1984"]
[PlyCount "66"]
[EventDate "2024.??.??"]
[WhiteTeam "RW Klettham SAB"]
[BlackTeam "SV Dubbelschaak"]

{[%evp 0,66,29,29,69,51,102,93,93,61,50,50,52,57,64,32,61,53,63,64,55,36,75,59,
77,44,72,45,71,49,67,60,90,76,77,66,63,-121,-108,-98,-98,-128,-131,-149,-46,
-170,-83,-106,-106,-242,83,-190,-216,-239,-200,-179,-200,-204,-199,-218,-190,
-274,-277,-267,-345,-356,-242,-548,-565]} 1. e4 c6 2. Nf3 g6 3. d4 Bg7 4. c3
Nf6 5. Bd3 d6 6. h3 O-O 7. a4 a5 8. O-O b6 9. Re1 Bb7 10. Nbd2 Nfd7 11. Nf1 Na6
12. Ng3 e6 13. Be3 Qc7 14. Qd2 e5 15. Bh6 Rad8 16. Bxg7 Kxg7 17. Qg5 f6 18.
Nf5+ Kh8 19. Qh6 gxf5 20. exf5 Rf7 21. Nh4 Rg7 22. Re3 Kg8 23. dxe5 Nxe5 24.
Rae1 Rf8 25. Bc2 Qd8 26. f4 Nf7 27. Qh5 d5 28. Re7 Nc7 29. Ng6 Re8 30. Rxe8+
Nxe8 31. Ne7+ Kf8 32. Re6 Qd7 33. Qe2 Nd8 0-1

[Event "34. Bayerische Senioren EM"]
[Site "Bergen im Chiemgau"]
[Date "2024.06.02"]
[Round "6.20"]
[White "Aßmann, Norbert"]
[Black "Harke, Horst"]
[Result "1-0"]
[BlackElo "1830"]
[BlackTeam "SK Varel"]
[EventDate "2024.??.??"]
[PlyCount "51"]
[WhiteElo "1962"]
[WhiteTeam "SF 1967 Sailauf e.V."]

1. Nf3 d5 2. g3 Nf6 3. Bg2 c6 4. O-O Nbd7 5. d4 h6 6. c4 e6 7. c5 Be7 8. Nc3 O-O
9. h3 Nh7 10. b4 Ng5 11. Nxg5 Bxg5 12. b5 Re8 13. Bxg5 Qxg5 14. Qa4 Nb8 15. e4
f5 16. bxc6 Nxc6 17. exd5 Qd2 18. dxc6 Qxc3 19. cxb7 Bxb7 20. Bxb7 Rad8 21.
Rad1 f4 22. Qb3 Qa5 23. Bg2 fxg3 24. fxg3 Rb8 25. Qc4 Qa3 26. Rf3  1-0

[Event "34. Bayerische Senioren EM"]
[Site "Bergen im Chiemgau"]
[Date "2024.06.02"]
[Round "6.21"]
[White "Jiritschka, Wolfgang"]
[Black "Luef, Herbert"]
[Result "1/2-1/2"]
[BlackElo "1985"]
[BlackTeam "TSV Ingolstadt Nord"]
[EventDate "2024.??.??"]
[PlyCount "50"]
[WhiteElo "1882"]
[WhiteTeam "Bayer Leverkusen"]

1. Nf3 c5 2. g3 Nf6 3. Bg2 d5 4. d4 Nc6 5. O-O e6 6. c4 Ne4 7. e3 Be7 8. Nc3 O-O
9. Nxe4 dxe4 10. Ne5 f5 11. Nxc6 bxc6 12. b3 cxd4 13. exd4 Bf6 14. Ba3 Rf7 15.
Bc5 Rd7 16. Qe2 Bxd4 17. Bxd4 Rxd4 18. Rad1 c5 19. f3 exf3 20. Bxf3 Rb8 21. Qe5
Qb6 22. Rxd4 cxd4 23. c5 Qb4 24. Rd1 Rb5 25. Rxd4 Qxc5  1/2-1/2

[Event "34. Bayerische Senioren EM"]
[Site "Bergen im Chiemgau"]
[Date "2024.06.02"]
[Round "6.22"]
[White "Hartlieb, Jürgen"]
[Black "Hirstel, Serge"]
[Result "1-0"]
[WhiteElo "1983"]
[BlackElo "1880"]
[PlyCount "99"]
[EventDate "2024.??.??"]
[WhiteTeam "SC Grunbach"]
[BlackTeam "Hindisheim France"]

{[%evp 0,99,29,19,17,19,27,-8,13,26,10,13,16,9,7,8,1,-5,19,8,23,-23,-19,-19,0,
-33,-21,-22,-18,-13,-11,-2,-6,-10,-10,-23,-22,-38,-37,-32,-14,-10,122,106,110,
113,110,111,135,139,133,130,143,130,137,129,131,139,139,143,142,150,141,141,
150,151,151,126,151,119,151,150,151,151,156,147,142,136,147,102,107,106,113,
101,107,97,121,117,118,121,169,183,171,169,169,111,169,295,286,328,397,397]} 1.
d4 d5 2. Nf3 Nf6 3. c3 e6 4. Bf4 Bd6 5. Bg3 O-O 6. Nbd2 c5 7. dxc5 Bxc5 8. Qc2
Bd6 9. e3 b6 10. Bxd6 Qxd6 11. Rd1 Qe7 12. Ne5 Bb7 13. Bd3 Nc6 14. Ndf3 Nxe5
15. Nxe5 Rfd8 16. O-O h6 17. Rd2 Ne4 18. Bxe4 dxe4 19. Rfd1 Rxd2 20. Qxd2 Qc5
21. Qd7 Qxe5 22. Qxb7 Qb8 23. Qxe4 a5 24. Rd7 Ra7 25. Rd4 Rc7 26. Qd3 Rc8 27.
a4 Qb7 28. h3 Qc6 29. b3 g6 30. c4 Qc5 31. Rd6 Qb4 32. g3 Qc5 33. Qd4 Rb8 34.
Kf1 Qb4 35. Qd3 Qc5 36. Rd7 Qb4 37. Qd6 Qxd6 38. Rxd6 Kf8 39. Ke2 Ke7 40. Rd4
h5 41. Rd3 Rc8 42. e4 Rc5 43. f4 f6 44. Ke3 Rc6 45. e5 f5 46. h4 Ke8 47. Kd2
Ke7 48. Kc3 Rc7 49. Rd6 Rb7 50. b4 1-0

[Event "34. Bayerische Senioren EM"]
[Site "Bergen im Chiemgau"]
[Date "2024.06.02"]
[Round "6.23"]
[White "Lindner, Helmut"]
[Black "Brettschneider, Karl"]
[Result "0-1"]
[WhiteElo "1876"]
[BlackElo "1965"]
[PlyCount "121"]
[EventDate "2024.??.??"]
[WhiteTeam "SC Prichsenstadt"]
[BlackTeam "SC Leinfelden"]

{[%evp 0,121,29,29,56,50,55,36,25,18,12,22,-1,1,14,6,-4,-19,-23,-12,19,-48,-21,
-55,-33,-38,-34,-28,-26,-45,-36,-29,-38,-29,-5,-41,-7,-27,-28,-59,-37,-39,-9,
-44,-10,-17,-5,-29,-25,-60,-33,-35,-29,-33,-56,-53,-52,-130,-135,-155,-157,
-192,-181,-188,-184,-223,-175,-194,-127,-143,-130,-115,-97,-83,-77,-55,-69,
-104,-113,-107,-112,-115,-113,-125,-110,-118,-107,-126,-116,-126,-127,-134,
-117,-122,-110,-124,-119,-119,-101,-135,-152,-177,-187,-275,-81,-160,-115,-278,
-278,-295,-339,-337,-368,-356,-402,-481,-246,-635,-284,-279,-303,-955,-1232,
-1427]} 1. e4 c5 2. Nc3 Nc6 3. f4 g6 4. Nf3 Bg7 5. Bb5 Nd4 6. O-O a6 7. Bc4 b5
8. Be2 d6 9. d3 e6 10. Nb1 Ne7 11. c3 Nxe2+ 12. Qxe2 O-O 13. Be3 Bb7 14. Nbd2
Rc8 15. Bf2 Qd7 16. Rae1 a5 17. d4 c4 18. a3 Rfe8 19. Qd1 h6 20. Qc2 Rf8 21.
Bg3 f5 22. e5 d5 23. Kh1 Nc6 24. Ng1 Rb8 25. Ra1 Rfc8 26. b4 cxb3 27. Nxb3 Bf8
28. Qd2 a4 29. Nc1 Na5 30. Qd3 Nc4 31. Be1 Bxa3 32. Na2 Bf8 33. g4 Na5 34. Ne2
Nb3 35. Rb1 Rc7 36. Rg1 Kh7 37. gxf5 exf5 38. Qg3 Qe6 39. Nec1 Nxc1 40. Nxc1
Bc6 41. Na2 Be8 42. Rg2 Rbc8 43. Rgb2 Be7 44. Qf3 Rc4 45. Qd3 Bc6 46. Nb4 Bxb4
47. Rxb4 Rxb4 48. Rxb4 Ra8 49. Qc2 g5 50. fxg5 hxg5 51. Bd2 Kg6 52. Bc1 Rh8 53.
Qd2 f4 54. Ba3 Qf5 55. Rb2 Qe4+ 56. Kg1 Rh3 57. Bb4 Kf5 58. Qf2 g4 59. Re2 g3
60. Rxe4 gxf2+ 61. Kxf2 0-1

[Event "34. Bayerische Senioren EM"]
[Site "Bergen im Chiemgau"]
[Date "2024.06.02"]
[Round "6.24"]
[White "Korat, Bernard"]
[Black "Mitschka, Manfred"]
[Result "0-1"]
[BlackElo "1876"]
[BlackTeam "SK Neuburg"]
[EventDate "2024.??.??"]
[PlyCount "84"]
[WhiteElo "1943"]
[WhiteTeam "vereinslos"]

1. d4 e6 2. c4 b6 3. Nf3 Bb7 4. Nc3 Bb4 5. e3 Nf6 6. Bd3 Be4 7. O-O Bxc3 8. bxc3
Bxd3 9. Qxd3 Qe7 10. a4 d6 11. e4 Nfd7 12. e5 a5 13. Bg5 Qf8 14. Qe4 Ra7 15.
Rfd1 h6 16. Bf4 Qe7 17. Be3 f5 18. exf6 Nxf6 19. Qg6+ Qf7 20. Qd3 O-O 21. h3
Nbd7 22. Rab1 Nh5 23. Rb2 Nf4 24. Qd2 Nxh3+ 25. Kf1 Nf4 26. Re1 e5 27. Bxf4
Qxc4+ 28. Kg1 exf4 29. Re7 Nf6 30. Qc2 Nd5 31. Re1 Raa8 32. Rb5 Rae8 33. Rxe8
Rxe8 34. Qg6 Re7 35. Nh4 Re1+ 36. Kh2 Qf1 37. Kh3 Qh1+ 38. Kg4 Nf6+ 39. Kf3
Qxh4 40. Rf5 Rc1 41. g3 Qh1+ 42. Kxf4 Rxc3  0-1

[Event "34. Bayerische Senioren EM"]
[Site "Bergen im Chiemgau"]
[Date "2024.06.02"]
[Round "6.25"]
[White "Zerweck, Christoph"]
[Black "Loibl, Johann"]
[Result "1-0"]
[WhiteElo "1917"]
[BlackElo "1841"]
[PlyCount "59"]
[EventDate "2024.??.??"]
[WhiteTeam "SV Herrenberg e.V."]
[BlackTeam "ÖSTERREICH"]
[BlackTeamCountry "AUT"]

{[%evp 0,59,29,29,29,13,13,-10,-30,11,-9,-97,-55,-145,-57,-112,-120,-198,-98,
-123,-152,-156,-156,-124,-145,-147,-117,-166,-156,-107,-10,-18,-8,-8,0,0,8,65,
85,0,0,0,0,-64,-76,-131,-177,-152,-166,-276,172,191,191,60,53,12,47,0,54,0,46,
29]} 1. e4 e5 2. Nc3 Nc6 3. f4 exf4 4. Nf3 g5 5. h4 g4 6. Ng5 h6 7. Nxf7 Kxf7
8. d4 d6 9. Bxf4 Bg7 10. Bc4+ Ke8 11. Be3 Nf6 12. O-O Rf8 13. e5 dxe5 14. Qd3
e4 15. Nxe4 Nxe4 16. Qxe4+ Qe7 17. Rxf8+ Bxf8 18. Qg6+ Kd8 19. Bxh6 Bxh6 20.
Qxh6 Qe4 21. Rf1 Qxd4+ 22. Kh1 Qxc4 23. Qf8+ Kd7 24. Rf7+ Qxf7 25. Qxf7+ Kd6
26. h5 Be6 27. Qf6 Ne5 28. b3 Rg8 29. c4 a6 30. c5+ {Beide Formulare
unvollständing, unplausibel und nicht zu entziffern.} 1-0

[Event "34. Bayerische Senioren EM"]
[Site "Bergen im Chiemgau"]
[Date "2024.06.02"]
[Round "6.26"]
[White "Langer, Raimund"]
[Black "Huber, Walter"]
[Result "1/2-1/2"]
[BlackElo "1894"]
[BlackTeam "SG Traunstein/Traunreut"]
[EventDate "2024.??.??"]
[PlyCount "32"]
[WhiteElo "1637"]
[WhiteTeam "SF Kirchhellen 50/72"]

1. e4 c6 2. d4 d5 3. Nc3 dxe4 4. Nxe4 Bf5 5. Ng3 Bg6 6. h4 h6 7. Nf3 Nd7 8. h5
Bh7 9. Bd3 Bxd3 10. Qxd3 e6 11. Bd2 Ngf6 12. Qe2 Qb6 13. O-O-O O-O-O 14. c4 c5
15. Bc3 cxd4 16. Bxd4 Bc5  1/2-1/2

[Event "34. Bayerische Senioren EM"]
[Site "Bergen im Chiemgau"]
[Date "2024.06.02"]
[Round "6.27"]
[White "Neubauer, Jaroslaus"]
[Black "Stronk, Klaus"]
[Result "1-0"]
[WhiteElo "2046"]
[BlackElo "1836"]
[PlyCount "81"]
[EventDate "2024.??.??"]
[WhiteTeam "SK Schweinfurt"]
[BlackTeam "SK Freilassing"]

{[%evp 0,81,29,29,50,50,67,48,75,69,69,51,51,13,9,13,38,21,15,22,30,7,-5,-14,
-3,-29,-12,-20,25,5,15,-24,-14,-29,-14,1,16,12,49,-15,44,-11,-12,-12,-17,-34,
-14,-9,-15,-43,-35,-67,-37,-78,-55,-44,-36,-25,-19,-176,-141,-135,-149,-95,-92,
-104,-1,0,0,0,0,0,0,0,77,63,449,484,877,244,616,734,747,782]} 1. e4 c5 2. Nf3
a6 3. c4 b6 4. Nc3 Bb7 5. d3 e6 6. g3 Nc6 7. Bg2 d6 8. O-O Nf6 9. a3 Be7 10.
Rb1 O-O 11. h3 Qc7 12. g4 Rad8 13. Bf4 e5 14. Bg5 Nd4 15. Nxd4 cxd4 16. Ne2 h6
17. Bd2 Nh7 18. Ng3 Bg5 19. Nf5 Bc8 20. b4 Bxd2 21. Qxd2 Ng5 22. f4 Ne6 23.
fxe5 dxe5 24. Rf3 Nf4 25. Rbf1 Kh7 26. Qf2 g6 27. Ng3 h5 28. gxh5 Bxh3 29.
hxg6+ fxg6 30. Nf5 Bxg2 31. Qh4+ Kg8 32. Rxf4 Bxf1 33. Rg4 Qh7 34. Qg3 Rf6 35.
Qxe5 Rdf8 36. Qd5+ R6f7 37. Qe6 Be2 38. Rxg6+ Kh8 39. Rh6 Rg8+ 40. Kf2 Rxf5+
41. exf5 1-0

[Event "34. Bayerische Senioren EM"]
[Site "Bergen im Chiemgau"]
[Date "2024.06.02"]
[Round "6.28"]
[White "Dyballa, Gerhard"]
[Black "Gläser, Wilfried"]
[Result "1/2-1/2"]
[BlackElo "2081"]
[BlackTeam "SK Anderten"]
[Time "09:30:00"]
[WhiteElo "1944"]
[WhiteTeam "SV Meschede"]

1. c4 e6 2. g3 d5 3. Bg2 Nf6 4. Nf3 Be7 5. O-O O-O 6. b3 c5 7. Bb2 Nc6 8. e3
dxc4 9. bxc4 Qb6 10. Qb3 Na5 11. Qxb6 axb6 12. Na3 Bd7 13. Ne5 Ba4 14. Bc3 Nc6
15. Rfb1 Bd6 16. Nxc6 Bxc6 17. Nb5 Bb8 18. Bxf6 gxf6 19. d4 Ra4 20. Bf1 Bf3 21.
Rb3 f5 22. Nc3 Ra6 23. Bg2 Bxg2 24. Kxg2 cxd4 25. exd4 Rc8 26. Rd1 Rxc4 27. d5
Be5 28. d6 Bxc3 29. Rxc3 Rxc3 30. d7 Ra8 31. d8=Q+ Rxd8 32. Rxd8+ Kg7 33. Rd7
e5 34. Rxb7 Rc6 35. h3 h5 36. h4 e4 37. a4 Rc2 38. Kf1 Ra2 39. Rxb6 Rxa4 40.
Rb5 Kg6 41. Rb6+ f6 42. Rb8 f4 43. gxf4 Kf5 44. Kg2 Kxf4 45. Rf8 Kf5 46. Rf7
Ra3 47. Re7 Rf3 48. Rg7 Ra3 49. Rf7 e3 50. fxe3 Rxe3 51. Rf8 Re7 52. Kh3 Re3+
53. Kg2 Rb3 54. Rf7 Kg6 55. Rf8 Kg7 56. Ra8 Rb4 57. Kh3 Rg4 58. Rb8 f5 59. Rb7+
Kh6 60. Rb6+ Rg6 61. Rb5 Rf6 62. Kg3 Kg6 63. Kf4 Ra6 64. Rb4 Kf6 65. Rc4 
1/2-1/2

[Event "34. Bayerische Senioren EM"]
[Site "Bergen im Chiemgau"]
[Date "2024.06.02"]
[Round "6.29"]
[White "Fischer, Gerd"]
[Black "Klein, Gernot"]
[Result "0-1"]
[WhiteElo "2022"]
[BlackElo "1834"]
[PlyCount "64"]
[EventDate "2024.??.??"]
[WhiteTeam "SC Ansbach"]
[BlackTeam "PTSV Aachen"]

{[%evp 0,64,29,29,51,50,50,5,6,23,8,-4,14,-9,-8,-19,-26,-49,-61,-67,-53,-95,
-90,-92,-75,-93,-53,-114,-99,-111,-102,-102,-158,-180,-171,-168,-171,-158,-174,
-191,-168,-176,-170,-170,-127,-151,-124,-112,-31,-255,-289,-357,-308,-472,-366,
-356,-121,-140,-134,-147,-193,-422,-243,-428,-104,-518,-393]} 1. e4 c5 2. Nc3
e6 3. f4 Nc6 4. Nf3 d5 5. exd5 exd5 6. Bb5 Nf6 7. Ne5 Qc7 8. Qe2 Be7 9. d3 O-O
10. Bxc6 bxc6 11. O-O Re8 12. Qf2 Rb8 13. Ne2 Bd6 14. h3 Rb6 15. Nf3 c4 16. d4
Ne4 17. Qh4 Be7 18. Qe1 c5 19. Nc3 Bb7 20. Na4 Ra6 21. b3 Qd8 22. Be3 Bf8 23.
Rd1 Bc6 24. Nc3 cxd4 25. Nxd4 Bb4 26. Nde2 cxb3 27. axb3 Qc8 28. Rd4 Qb8 29.
Rf3 Ba8 30. Kh1 Rc6 31. Rd3 Bb7 32. Rd4 Ba6 {Beide Partieformulare
unvollständig und nicht lesbar. Eingabe abgebrochen} 0-1